Higher engineering (Record no. 17458)
[ view plain ]
| 000 -LEADER | |
|---|---|
| fixed length control field | 00210nam a22000977a 4500 |
| 003 - CONTROL NUMBER IDENTIFIER | |
| control field | OSt |
| 008 - FIXED-LENGTH DATA ELEMENTS--GENERAL INFORMATION | |
| fixed length control field | 211204b ||||| |||| 00| 0 eng d |
| 082 ## - DEWEY DECIMAL CLASSIFICATION NUMBER | |
| Classification number | 519.062 |
| Item number | GRE/HI |
| 245 ## - TITLE STATEMENT | |
| Title | Higher engineering |
| 942 ## - ADDED ENTRY ELEMENTS (KOHA) | |
| Koha item type | Books |
| Withdrawn status | Lost status | Damaged status | Home library | Current library | Date acquired | Full call number | Accession Number | Koha item type |
|---|---|---|---|---|---|---|---|---|
| Damaged | KAUAET | KAUAET | 04/12/2021 | 519.062 GRE/HI | 10898 | Books |
